| 000 | nam a22 a 4500 | ||
|---|---|---|---|
| 999 |
_c813 _d813 |
||
| 003 | AKMAL | ||
| 005 | 20170505131702.0 | ||
| 008 | 170505 1976 M 000 eng d | ||
| 040 | _aAKMAL | ||
| 082 | _a297.1 MAR | ||
| 090 |
_a297.1 _bMAR |
||
| 100 | 1 |
_aJameelah, Maryam, _d1934- _91768 |
|
| 245 | 1 | 0 |
_aIslam and Western society / _cby Maryam Jameelah. |
| 260 |
_aLahore : _bMohammad Yusuf Khan, _c1976. |
||
| 300 | 0 | 0 |
_a311p. _ccm |
| 942 |
_2ddc _cBOOK |
||